000 01005cgm a2200277 4500
008 090401t1996 xxu||||| |||| 00| 0 eng d
020 _a1899769366
035 _a(Sirsi) u53684
041 _aeng
050 _a029.7
_c18
100 _aFinch, Ed
245 4 _aThe internet for property professionals
_ba CPD study pack
260 _aReading
_bCollege of Estate Management
_c1996
300 _av, 50p.
_bill.
_c30cm.
350 _a35
490 _aCollege of Estate Management CPD Study Pack
520 _aAims to show how the Internet works and how it can be used by property professionals for information and communication. Accompanied by a computer disk which is not available for loan.
520 _aWithdrawn September 2007.
650 _aABOUT RICS-RICS MEMBERS
650 _aPROPERTY PROFESSIONALS
650 _aWORLD WIDE WEB
690 _aMANAGEMENT-BUSINESS MANAGEMENT-INFORMATION MANAGEMENT
710 _aCollege of Estate Management
_9400
942 _n0
948 _c04/03/1997
999 _c85268
_d85268